Best NBA Player By Each Jersey Number (2012-2013) - Statistics

General Stats
  • This quiz has been taken 1,152 times
    1,143 since last reset
  • The average score is 15 of 52
Answer Stats
# Player % Correct
6 LeBron James
93%
0 Russell Westbrook
86%
13 James Harden
82%
24 Kobe Bryant
72%
35 Kevin Durant
70%
16 Pau Gasol
63%
34 Paul Pierce
62%
30 Stephen Curry
62%
1 Derrick Rose
59%
3 Chris Paul
57%
7 Carmelo Anthony
55%
2 Kyrie Irving
51%
5 Kevin Garnett
47%
41 Dirk Nowitzki
46%
21 Tim Duncan
46%
15 Al Horford
44%
25 Al Jefferson
43%
12 Dwight Howard
41%
32 Blake Griffin
37%
9 Rajon Rondo
37%
42 Kevin Love
35%
85 Baron Davis
30%
10 Steve Nash
30%
8 Deron Williams
26%
20 Manu Ginobili
26%
40 Kurt Thomas
15%
50 Zach Randolph
14%
55 Roy Hibbert
13%
26 Kyle Korver
12%
33 Andrew Bynum
11%
23 Kevin Martin
11%
88 Nicolas Batum
11%
43 Kris Humphries
10%
4 Jason Terry
9%
22 Rudy Gay
9%
11 Monta Ellis
8%
00 Spencer Hawes
8%
44 Jeff Taylor
7%
17 Anderson Varejao
6%
47 Andrei Kirilenko
6%
92 DeShawn Stevenson
5%
54 Kwame Brown
5%
72 Jason Kapono
3%
31 Shane Battier
3%
14 Luis Scola
2%
27 Zaza Pachulia
2%
19 Raja Bell
1%
77 Vladimir Radmanovic
1%
45 DeJuan Blair
0%
28 Ian Mahinimi
0%
48 Nazr Mohammed
0%
18 Sasha Vujacic
0%
No matching quizzes found
Score Distribution
Percent of People with Each Score
Percentile by Number Answered
Your Score History
You have not taken this quiz since the last reset